| 000 | 00753nam a2200241 i 4500 | ||
|---|---|---|---|
| 001 | 178117 | ||
| 003 | ES-MaACL | ||
| 005 | 20250830050122.0 | ||
| 007 | t| | ||
| 008 | 110518s1964 sp r ||||1| spa d | ||
| 080 | _a2-184.6 | ||
| 100 | 1 |
_aGaltier, Paul. _9146598 |
|
| 245 | 1 | 3 |
_aLa gracia santificante / _cPaul Galtier ; [traducción de Joaquín Blázquez]. |
| 260 |
_aBarcelona : _bHerder, _c1964. |
||
| 300 |
_a106 p. ; _c18 cm. |
||
| 490 | 1 |
_aPequeña biblioteca Herder ; _v43 |
|
| 504 | _aBibliografía: p. 73-103. | ||
| 650 | 0 | 7 |
_aGracia (Teología) _2embne _913150 |
| 700 | 0 |
_aBlázquez, Joaquín. _929440 |
|
| 830 | 0 |
_aPequeña biblioteca Herder ; _v43 _9190720 |
|
| 852 |
_aES-MaACL _jE-15146 _xOlim P-274 |
||
| 999 |
_c178117 _d178117 |
||